00537cam a22002051 4500001001300000003000400013005001700017008004100034010001700075035002000092040002100112042001200133050002000145100002400165245003500189260004900224300002000273752002100293999001700314he 67000374 DLC20260227111444.0840119s1966 is 000 1 heb  ahe 67000374  a(OCoLC)19149072 aDLCcMHdCUdDLC apremarc00aPJ5054.K573bI41 aKohen, Meir,d1937-10aʻIm redet ha-avaḳ :broman. a[Tel Aviv] :bB. Tsʼeriḳover,c726 [1966] a155 p. ;c19 cm aIsraeldTel Aviv c32179d32179